Korespondence /
| Main Author: | Machek, Václav, 1894-1965 |
|---|---|
| Corporate Author: | Ústav pro jazyk český (Akademie věd ČR). Etymologické oddělení |
| Language: | Russian German Lithuanian Italian Slovak Bulgarian French Polish Czech English |
| Published: |
Praha : Nakladatelství Lidové noviny, 2011- |
| Series: |
Studia etymologica Brunensia
|
| Subjects: | |
| Online Access: |
Digitalizovaný dokument
|
| Physical Description: |
^^^svazků ; 24 cm |
| Subscribed volumes: |
1-3 |
| Language note: |
Částečně anglický, bulharský, francouzský, italský, litevský, německý, polský, ruský a slovenský text |
| LEADER | 03809nam a2200733 ia4500 | ||
|---|---|---|---|
| 001 | nkc20122357387 | ||
| 003 | CZ PrNK | ||
| 005 | 20250628094822.0 | ||
| 007 | ta | ||
| 008 | 120327m20119999xr e 001 idcze | ||
| 015 | |a cnb002357387 | ||
| 020 | |a 978-80-7422-142-2 |q (soubor) : |c Kč 599,00 | ||
| 020 | |a 978-80-7422-143-9 |q (1. díl ; |q brožováno) | ||
| 020 | |a 978-80-7422-144-6 |q (2. díl ; |q brožováno) | ||
| 020 | |a 978-80-7422-454-6 |q (3. díl ; |q brožováno) | ||
| 035 | |a (OCoLC)794208502 | ||
| 040 | |a OLA001 |b cze |d ABA001 |e rda | ||
| 041 | 0 | |a cze |a bul |a eng |a fre |a ger |a ita |a lit |a pol |a rus |a slo | |
| 043 | |a e-xr--- | ||
| 045 | |a x2x6 | ||
| 072 | 7 | |a 81 |x Lingvistika. Jazyky |2 Konspekt |9 11 | |
| 080 | |a 81'1-051 |2 MRF | ||
| 080 | |a [80(=16)+908(4)]-051 |2 MRF | ||
| 080 | |a (437.3) |2 MRF | ||
| 080 | |a (044) |2 MRF | ||
| 100 | 1 | |a Machek, Václav, |d 1894-1965 |7 jk01073016 |4 crp |4 rcp | |
| 245 | 1 | 0 | |a Korespondence / |c Václav Machek |
| 264 | 1 | |a Praha : |b Nakladatelství Lidové noviny, |c 2011- | |
| 300 | |a ^^^svazků ; |c 24 cm | ||
| 336 | |a text |b txt |2 rdacontent | ||
| 337 | |a bez média |b n |2 rdamedia | ||
| 338 | |a svazek |b nc |2 rdacarrier | ||
| 490 | 1 | |a Studia etymologica Brunensia ; |v 12/1-3 | |
| 500 | |a Dostupné též v digitální podobě v aplikaci Kramerius | ||
| 504 | |a Obsahuje bibliografii a rejstřík | ||
| 505 | 1 | |a Korespondence I. 2011. 527 stran -- Korespondence II. 2011. stran 537-1031 -- III. Korespondence III a další dokumenty z pozůstalosti. 2016. 175 stran, 48 nečíslovaných stran obrazových příloh | |
| 546 | |a Částečně anglický, bulharský, francouzský, italský, litevský, německý, polský, ruský a slovenský text | ||
| 550 | |a Vydavatel: Etymologické oddělení Ústavu pro jazyk český Akademie věd ČR | ||
| 600 | 1 | 7 | |a Machek, Václav, |d 1894-1965 |7 jk01073016 |2 czenas |
| 648 | 7 | |a 20. století |7 ch460558 |2 czenas | |
| 648 | 4 | |a 1894-1965 | |
| 650 | 0 | 7 | |a lingvisté |7 ph115154 |z Česko |y 20. století |2 czenas |
| 650 | 0 | 7 | |a slavisté |7 ph116179 |z Česko |y 20. století |2 czenas |
| 650 | 0 | 9 | |a linguists |z Czechia |y 20th century |2 eczenas |
| 650 | 0 | 9 | |a slavists |z Czechia |y 20th century |2 eczenas |
| 655 | 7 | |a korespondence |7 fd132681 |2 czenas | |
| 655 | 9 | |a correspondence |2 eczenas | |
| 710 | 2 | |a Ústav pro jazyk český (Akademie věd ČR). |b Etymologické oddělení |7 mzk2008451503 |4 isb | |
| 830 | 0 | |a Studia etymologica Brunensia |0 s | |
| 856 | 4 | 1 | |u http://www.digitalniknihovna.cz/mzk/uuid/uuid:04409f16-5906-498a-91e0-34d9d4c72b47 |y Digitalizovaný dokument |x NDK |
| 910 | |a BOA001 |b 2-1283.443 |s 1-3 | ||
| 928 | 9 | |a NLN, Nakladatelství Lidové noviny | |
| 990 | |a BK | ||
| 995 | |a 01 | ||
| 991 | |b 201204 |c NOV |e n | ||
| 996 | 6 | |b 2610507592 |c 2-1283.443 |d 1. díl |v 1 |l MZK |r Sklad / do 1 hodiny |n 0 |p p.v. |w 001237513 |u 000010 |a 1 |e BOA001 |j MZK50 |s P | |
| 996 | 6 | |b 2610507593 |c 2-1283.443 |d 2. díl |v 2 |l MZK |r Sklad / do 1 hodiny |n 0 |p p.v. |w 001237513 |u 000020 |a 1 |e BOA001 |j MZK50 |s P | |
| 996 | 7 | |b 2610602350 |c 2-1283.443 |d 1. díl |v 1 |l MZK |r Sklad / do 1 hodiny |n 1 |p kup |w 001237513 |u 000030 |a 1 |e BOA001 |j MZK50 |s A | |
| 996 | 7 | |b 2610602351 |c 2-1283.443 |d 1. díl |v 1 |l MZK |r Sklad / do 1 hodiny |n 2 |p kup |w 001237513 |u 000040 |a 1 |e BOA001 |j MZK50 |s A | |
| 996 | 7 | |b 2610602352 |c 2-1283.443 |d 2. díl |v 2 |l MZK |r Sklad / do 1 hodiny |n 1 |p kup |w 001237513 |u 000050 |a 1 |e BOA001 |j MZK50 |s A | |
| 996 | 7 | |b 2610602353 |c 2-1283.443 |d 2. díl |v 2 |l MZK |r Sklad / do 1 hodiny |n 2 |p kup |w 001237513 |u 000060 |a 1 |e BOA001 |j MZK50 |s A | |
| 996 | 6 | |b 2610687671 |c 2-1283.443 |d 3. díl |v 3 |l MZK |r Sklad / do 1 hodiny |n 0 |p p.v. |w 001237513 |u 000070 |a 1 |e BOA001 |j MZK50 |s P | |
| 996 | 7 | |b 2610688326 |c 2-1283.443 |d 3. díl |v 3 |l MZK |r Sklad / do 1 hodiny |n 1 |p kup |w 001237513 |u 000080 |a 1 |e BOA001 |j MZK50 |s A | |
| 996 | 7 | |b 2610688327 |c 2-1283.443 |d 3. díl |v 3 |l MZK |r Sklad / do 1 hodiny |n 2 |p kup |w 001237513 |u 000090 |a 1 |e BOA001 |j MZK50 |s A | |
English
Čeština 